|
LDR
| 02739nam a2200673 a 4500 |
|---|
| 001 | 8099 |
|---|
| 003 | CZ-PrJAB |
|---|
| 005 | 20170306122257.0 |
|---|
| 007 | tu |
|---|
| 008 | 010619s2000 xr e 100 0 cze |
|---|
| 015 | | . |
‡acnb001001205 |
|---|
| 020 | | . |
‡a80-7192-541-1
‡q(brož.) |
|---|
| 035 | | . |
‡a(CZ PrNK)cpk20011001205 |
|---|
| 035 | | . |
‡a(OCoLC)47950942 |
|---|
| 040 | | . |
‡aABA001
‡bcze |
|---|
| 041 | 1 | . |
‡acze
‡hger |
|---|
| 045 | | . |
‡ax8x9 |
|---|
| 072 | | 7. |
‡a29
‡xModerní duchovní hnutí
‡2Konspekt
‡95 |
|---|
| 080 | | . |
‡a283/289
‡2MRF |
|---|
| 080 | | . |
‡a294/299
‡2MRF |
|---|
| 080 | | . |
‡a133
‡2MRF |
|---|
| 080 | | . |
‡a316.42"19/20"
‡2MRF |
|---|
| 080 | | . |
‡a316.72/.75
‡2MRF |
|---|
| 080 | | . |
‡a2-8
‡2MRF |
|---|
| 080 | | . |
‡a2-853.5/-87
‡2MRF |
|---|
| 080 | | . |
‡a2-1-8-028.82
‡2MRF |
|---|
| 080 | | . |
‡a(062.534)
‡2MRF |
|---|
| 245 | 0 | 0. |
‡aNová religiozita fascinuje a zneklidňuje :
‡bkongres FEECA, Budapešť 17.-19.10.1998 /
‡cHelmut Renöckl, Miklós Blanckenstein (vyd.) |
|---|
| 260 | | . |
‡aKostelní Vydří :
‡bPro Pastorační středisko při Arcibiskupství pražském vydalo Karmelitánské nakladatelství,
‡c2000 |
|---|
| 300 | | . |
‡a101 s. ;
‡c21 cm |
|---|
| 500 | | . |
‡aČást. přeloženo z němčiny |
|---|
| 504 | | . |
‡aObsahuje bibliografické odkazy |
|---|
| 648 | | 7. |
‡a20. století
‡7ch460558
‡2czenas |
|---|
| 650 | 0 | 7. |
‡anáboženská hnutí
‡7ph123372
‡y20. století
‡2czenas |
|---|
| 650 | 0 | 7. |
‡anáboženské kulty
‡7ph123378
‡y20. století
‡2czenas |
|---|
| 650 | 0 | 7. |
‡apostmoderní společnost
‡7ph124410
‡2czenas |
|---|
| 650 | 0 | 7. |
‡akulturní diverzita
‡7ph497317
‡2czenas |
|---|
| 650 | 0 | 7. |
‡aalternativní religiozita
‡7ph118365
‡y20. století
‡2czenas |
|---|
| 650 | 0 | 7. |
‡asvětová náboženství
‡7ph116361
‡y20. století
‡2czenas |
|---|
| 650 | 0 | 7. |
‡anáboženské sekty
‡7ph115482
‡y20. století
‡2czenas |
|---|
| 650 | 0 | 7. |
‡anáboženské společnosti
‡7ph123381
‡y20. století
‡2czenas |
|---|
| 650 | 0 | 9. |
‡areligious pluralism
‡y20th century
‡2eczenas |
|---|
| 650 | 0 | 9. |
‡aReligion and civilization
‡2eczenas |
|---|
| 650 | 0 | 9. |
‡aReligions
‡y20th century
‡2eczenas |
|---|
| 650 | 0 | 9. |
‡areligious cults
‡y20th century
‡2eczenas |
|---|
| 650 | 0 | 9. |
‡areligious movements
‡y20th century
‡2eczenas |
|---|
| 650 | 0 | 9. |
‡apostmodern society
‡y20th century
‡2eczenas |
|---|
| 650 | 0 | 9. |
‡acultural diversity
‡y20th century
‡2eczenas |
|---|
| 650 | 0 | 9. |
‡aalternative religiosity
‡y20th century
‡2eczenas |
|---|
| 650 | 0 | 9. |
‡aSects
‡y20th century
‡2eczenas |
|---|
| 655 | | 7. |
‡asborníky konferencí
‡7fd133333
‡2czenas |
|---|
| 655 | | 9. |
‡aproceedings of conferences
‡2eczenas |
|---|
| 700 | 1 | . |
‡aRenöckl, Helmut,
‡d1943-
‡7jo20010086939
‡4edt |
|---|
| 700 | 1 | . |
‡aBlanckenstein, Miklós
‡4edt |
|---|
| 710 | 2 | . |
‡aKatolická církev.
‡bArcibiskupství pražské.
‡bPastorační středisko
‡7ko2002148810 |
|---|
| 710 | 2 | . |
‡aEvropská federace pro katolické vzdělávání dospělých
‡7ko2004226838 |
|---|
| 910 | | . |
‡aABG312 |
|---|
| 901 | | . |
‡a8099
‡bUnknown
‡c8099
‡tbiblio |
|---|